| 000 | 00402nam a2200157Ia 4500 | ||
|---|---|---|---|
| 008 | 200103s9999||||xx |||||||||||||| ||und|| | ||
| 020 | _a9780707712611 | ||
| 040 | _aIMU-MPC | ||
| 082 | _aColumn-10 | ||
| 100 | _aAdmiralty | ||
| 245 | 0 | _aAdmiralty list of radio signals | |
| 250 | _aVol. 8, NP 288, 2000/01 | ||
| 260 |
_bAdmirality Charts and Publications _c2001 |
||
| 300 | _axxii, 74 | ||
| 942 | _cBK | ||
| 999 |
_c4468 _d4468 |
||